India and China : (Record no. 54573)

MARC details
000 -LEADER
fixed length control field 02796nam a22003137a 4500
005 - DATE AND TIME OF LATEST TRANSACTION
control field 2011072903513.0
010 ## - LCCN (DPL NO)
LC control number B-441365-366
020 ## - INTERNATIONAL STANDARD BOOK NUMBER
International Standard Book Number 9780670083275
Terms of availability 599.00
035 ## - SYSTEM CONTROL NUMBER
System control number B-441365-366
035 ## - SYSTEM CONTROL NUMBER
System control number B-424105-108
037 ## - SOURCE OF ACQUISITION
Source of stock number/acquisition Allied Pub/Ven
082 00 - DEWEY DECIMAL CLASSIFICATION NUMBER
Classification number 337.54051
Edition number 22
100 1# - MAIN ENTRY--PERSONAL NAME
Personal name Jha, Prem Shankar.
245 10 - TITLE STATEMENT
Title India and China :
Remainder of title the battle between soft and hard power /
Statement of responsibility, etc Prem Shankar Jha.
260 ## - PUBLICATION, DISTRIBUTION, ETC. (IMPRINT)
Place of publication, distribution, etc New Delhi
Name of publisher, distributor, etc Penguin Books India
Date of publication, distribution, etc c2010.
270 ## - ADDRESS
Address 11, Community Centre, Panchsheel Park
City New Delhi
Postal code 110017
300 ## - PHYSICAL DESCRIPTION
Extent x, 398 p. ;
Dimensions 21 cm.(Hb)
500 ## - GENERAL NOTE
General note Includes bibliographical references (p. [348]-398).
505 0# - FORMATTED CONTENTS NOTE
Formatted contents note A study in contrasts -- 1. Hegemony in decline -- 2. David and Goliath -- 3. On parallel tracks -- 4. Explaining China's and India's rise -- China -- 5. China: the management of disorder -- 6. Enigmas explained -- 7. A predatory state -- 8. How recession has sharpened conflict -- India -- 9. Why was India's growth so slow? -- 10. Reforms and the demise of the intermediate regime -- China -- 11. The innate conservatism of China's reforms -- 12. Democratization with Chinese characteristics--the bridge China must cross -- India -- 13. India: the challenge of the future -- 14. Fading vision of equity -- Conclusion -- 15. Running out of time.
942 ## - ADDED ENTRY ELEMENTS (KOHA)
Source of classification or shelving scheme Dewey Decimal Classification
Item type English Books
Classification part 337.54051
Call number suffix JHA
Holdings
Withdrawn status Lost status Not for loan Collection code Home library Current library Date acquired Source of acquisition Cost, normal purchase price Full call number Barcode Copy number Cost, replacement price Koha item type
      Non-fiction Bawana Bawana 10/08/2011 Allied/DE/2011/CR/0000149/27.4.11/85/24.3.11/10.6.11 599.00 337.54051 JHA B-424107 1 599.00 English Books
      Non-fiction Central Library Central Library 04/08/2011 Allied/DE/2011/CR/0000149/27.4.11/85/24.3.11/10.6.11 599.00 337.54051 JHA B-441365 1 599.00 English Books
      Non-fiction Janak Puri Janak Puri 10/08/2011 Allied/DE/2011/CR/0000149/27.4.11/85/24.3.11/10.6.11 599.00 337.54051 JHA B-424106 1 599.00 English Books
      Non-fiction Patel Nagar Patel Nagar 10/08/2011 Allied/DE/2011/CR/0000149/27.4.11/85/24.3.11/10.6.11 599.00 337.54051 JHA B-424105 1 599.00 English Books
      Non-fiction Sarojini Nagar Sarojini Nagar 04/08/2011 Allied/DE/2011/CR/0000149/27.4.11/85/24.3.11/10.6.11 599.00 337.54051 JHA B-441366 1 599.00 English Books
      Non-fiction Shahdara Branch Shahdara Branch 10/08/2011 Allied/DE/2011/CR/0000149/27.4.11/85/24.3.11/10.6.11 599.00 337.54051 JHA B-424108 1 599.00 English Books

© Delhi Public Library
Hit Counter
free hit counter